000 00513nam a2200157 4500
001 114143
003 ES-MaACL
007 t|
008 061121s1975 sp r ||||1| spa d
100 1 _aPalomeque López, Manuel Carlos.
_988687
245 1 3 _aLa nulidad parcial del contrato de trabajo /
_cManuel Carlos Palomeque López ; prólogo de Manuel Alonso Olea.
260 _aMadrid :
_bTecnos,
_c1975.
300 _a260 p. ;
_c21 cm.
700 1 _aAlonso Olea, Manuel.
_920374
852 _aES-MaACL
_jE-6885
_bR.91475
999 _c114143
_d114143